Canmaking for can fillers / (Record no. 10705)
[ view plain ]
| 000 -LEADER | |
|---|---|
| fixed length control field | 01251cam a22003137a 4500 |
| 090 ## - LOCALLY ASSIGNED LC-TYPE CALL NUMBER (OCLC); LOCAL CALL NUMBER (OCLC) | |
| -- | 0 |
| 001 - CONTROL NUMBER | |
| control field | 13805362 |
| 005 - DATE AND TIME OF LATEST TRANSACTION | |
| control field | 20060728203248.0 |
| 008 - FIXED-LENGTH DATA ELEMENTS--GENERAL INFORMATION | |
| fixed length control field | 041203s2001 enka b 001 0 eng d |
| 010 ## - LIBRARY OF CONGRESS CONTROL NUMBER | |
| LC control number | 2004351964 |
| 020 ## - INTERNATIONAL STANDARD BOOK NUMBER | |
| International Standard Book Number | 0849397871 |
| 035 ## - SYSTEM CONTROL NUMBER | |
| System control number | (OCoLC)ocm48669216 |
| 040 ## - CATALOGING SOURCE | |
| Original cataloging agency | ORE |
| Transcribing agency | ORE |
| Modifying agency | UAT |
| -- | AGL |
| -- | DLC |
| 042 ## - AUTHENTICATION CODE | |
| Authentication code | lccopycat |
| 050 00 - LIBRARY OF CONGRESS CALL NUMBER | |
| Classification number | TS198.C3 |
| Item number | T88 2001 |
| 072 #0 - SUBJECT CATEGORY CODE | |
| Subject category code | X600 |
| 082 00 - DEWEY DECIMAL CLASSIFICATION NUMBER | |
| Classification number | 688.8 |
| Edition number | 22 |
| Item number | TUR |
| 100 1# - MAIN ENTRY--PERSONAL NAME | |
| Personal name | Turner, T. A. |
| 245 10 - TITLE STATEMENT | |
| Title | Canmaking for can fillers / |
| Statement of responsibility, etc | T.A. Turner. |
| 260 ## - PUBLICATION, DISTRIBUTION, ETC. (IMPRINT) | |
| Place of publication, distribution, etc | Sheffield, England : |
| Name of publisher, distributor, etc | Sheffield Academic Press ; |
| -- | CRC Press, |
| Date of publication, distribution, etc | c2001. |
| 300 ## - PHYSICAL DESCRIPTION | |
| Extent | xii, 404 p. : |
| Other physical details | ill. (some col.) ; |
| Dimensions | 25 cm. |
| 440 #0 - | |
| -- | Sheffield packaging technology |
| 504 ## - BIBLIOGRAPHY, ETC. NOTE | |
| Bibliography, etc | Includes bibliographical references and index. |
| 650 #0 - SUBJECT ADDED ENTRY--TOPICAL TERM | |
| Topical term or geographic name as entry element | Metal containers |
| General subdivision | Design and construction. |
| 856 42 - ELECTRONIC LOCATION AND ACCESS | |
| Materials specified | Publisher description |
| Uniform Resource Identifier | <a href="http://www.loc.gov/catdir/enhancements/fy0646/2004351964-d.html">http://www.loc.gov/catdir/enhancements/fy0646/2004351964-d.html</a> |
| 942 ## - ADDED ENTRY ELEMENTS (KOHA) | |
| Source of classification or shelving scheme | Dewey Decimal Classification |
| Item type | Book - Borrowing |
| Withdrawn status | Item status | Source of classification or shelving scheme | Damaged status | Not for loan | Vendor | Home library | Current library | Shelving location | Date acquired | Source of acquisition | Cost, normal purchase price | Serial Enumeration / chronology | Total Checkouts | Full call number | Barcode | Date last seen | Koha item type |
|---|---|---|---|---|---|---|---|---|---|---|---|---|---|---|---|---|---|
| Dewey Decimal Classification | Alahram | Central Library | Central Library | First floor | 04/02/2009 | 762.30 | 6397 | 688.8 TUR | 000014568 | 15/07/2025 | Book - Borrowing |